000 00649nam a2200205 a 4500
001 000018872
005 20240412074248.0
008 100520s2001 dr c r 000 p spa d
020 _a9993402419
040 _aDO-SdBNP
_bspa
_cBNPHU
082 _aRD861.44
_bC117pe
100 1 _aCabral Billini, Aquiles
_924617
245 1 0 _a¡Peravianas son también...! /
_cAquiles Cabral Billini.
260 _aSanto Domingo :
_bCocolo Editorial,
_c2001.
300 _a97 p. :
_bretr. ;
_c22 cm.
590 _aInventariado, 2018/BT
650 0 _aPoesía dominicana
_966
650 0 _aLiteratura dominicana.
_967
910 _aValidado. Control de calidad. MMOLINA
999 _c18390
_d18390